Europa - Kaart quiz - Statistieken

Algemene statistieken
  • Deze quiz is 364 keer genomen
  • De gemiddelde score is 34 van 45
Antwoorden op de kaart
Antwoorden kleurgecodeerd door een groen-rode schaal op de quizkaart volgens % correct hieronder.
 
Antwoordstatistieken
Antwoord % Correct
Frankrijk
95%
Spanje
94%
Portugal
93%
Italië
92%
Verenigd Koninkrijk
92%
Ierland
91%
IJsland
90%
Griekenland
89%
Duitsland
88%
Nederland
88%
België
87%
Denemarken
87%
Rusland
86%
Finland
85%
Luxemburg
85%
Noorwegen
84%
Zweden
84%
Polen
83%
Oostenrijk
81%
Zwitserland
80%
Oekraïne
79%
Tsjechië
79%
Estland
78%
Letland
75%
Wit-Rusland
75%
Malta
74%
Liechtenstein
73%
Litouwen
73%
Monaco
72%
Kroatië
71%
Vaticaanstad
71%
Andorra
70%
Roemenië
69%
San Marino
66%
Albanië
63%
Slowakije
63%
Bosnië en Herzegovina
62%
Bulgarije
61%
Hongarije
61%
Moldavië
61%
Slovenië
60%
Noord-Macedonië
59%
Kosovo
58%
Servië
53%
Montenegro
49%
Geen overeenkomende quizzen gevonden
Scoreverdeling
Procent van Mensen met Elke Score
Percentiel versus Aantal Correcte Antwoorden
Uw Scoregeschiedenis
U heeft deze quiz nog niet genomen